Las Condiciones Bio-Psico Sociales del niño de 0-15 años en Honduras /

Tallennettuna:
Bibliografiset tiedot
Päätekijä: De Guevara C., Laureano L.
Aineistotyyppi: Teksti
Aiheet:
Tagit: Lisää tagi
Ei tageja, Lisää ensimmäinen tagi!

MARC

LEADER 00000 a a2200000 04500
001 47409
003
040
090 |a REV0857 1 (1) 1975  
100 |a De Guevara C., Laureano L.  
245 |a Las Condiciones Bio-Psico Sociales del niño de 0-15 años en Honduras /  |c Laureano L. De Guevara C.  
650 |a NIÑOS  
650 |a ASPECTOS PSICOLOGICOS  
650 |a ASPECTOS SOCIALES  
650 |a INVESTIGACION  
650 |a HONDURAS  
773 |g volumen1, número1, mayo-agosto (1975)  
999 |c 39084  |d 39084